Chapter Remote Sensing Studies of Urban Canopies: 3D Radiative Transfer Modeling (Record no. 24069)

MARC details
000 -LEADER
fixed length control field 00708nam a2200121Ia 4500
008 - FIXED-LENGTH DATA ELEMENTS--GENERAL INFORMATION
fixed length control field 220620s9999||||xx |||||||||||||| ||und||
100 ## - MAIN ENTRY--PERSONAL NAME
Personal name Landier, Lucas||Lauret, Nicolas||Yin, Tiangang||Bitar, Ahmad Al||Gastellu-Etchegorry, JeanPhilippe||Feigenwinter, Christian||Parlow, Eberhard||Mitraka, Zina||Chrysoulakis, Nektarios
245 #0 - TITLE STATEMENT
Title Chapter Remote Sensing Studies of Urban Canopies: 3D Radiative Transfer Modeling
546 ## - LANGUAGE NOTE
Language note English[eng]
650 ## - SUBJECT ADDED ENTRY--TOPICAL TERM
Topical term or geographic name entry element DART, model, radiative transfer, albedo, thermal exitance, remote sensing, urban canopies
856 ## - ELECTRONIC LOCATION AND ACCESS
Uniform Resource Identifier <a href="https://library.oapen.org/bitstream/20.500.12657/49152/1/51179.pdf||https://library.oapen.org/bitstream/20.500.12657/49152/1/51179.pdf">https://library.oapen.org/bitstream/20.500.12657/49152/1/51179.pdf||https://library.oapen.org/bitstream/20.500.12657/49152/1/51179.pdf</a>
942 ## - ADDED ENTRY ELEMENTS (KOHA)
Koha item type E-Books
Holdings
Withdrawn status Lost status Damaged status Not for loan Home library Current library Date acquired Total Checkouts Date last seen Price effective from Koha item type
        Kerala University of Digital Sciences, Innovation and Technology Knowledge Centre Kerala University of Digital Sciences, Innovation and Technology Knowledge Centre 20/06/2022   20/06/2022 20/06/2022 E-Books